Sabaton - Combined Song Titles - Statistics

General Stats
  • This quiz has been taken 59 times
  • The average score is 8 of 15
Answer Stats
Hint Answer % Correct
Lion from the Killing Ground Lion from the North, Killing Ground
81%
Race to Hell and Back Race to the Sea, To Hell and Back
79%
Wolfstrike Wolfpack, Counterstrike
77%
The Price of Gallipoli The Price of a Mile, Cliffs of Gallipoli
72%
Saboteurs in Exile Saboteurs, Aces in Exile
66%
Witches of the Dark Night Witches, Lady of the Dark
62%
Blood of the Unkillable Soldier Blood of Bannockburn, The Unkillable Soldier
53%
Into the Firestorm Into the Fire, Firestorm
53%
Angels of Heaven Angels Calling, Soldier of Heaven
51%
Lifetime of Terror Lifetime of War, Reign of Terror
51%
Defence of the Union Defence of Moscow, Union
47%
We Burn in God's Name We Burn, In the Name of God
47%
Hill 7734 Hill 3234, 7734
40%
The Stand of the Royal Guard The Last Stand, The Royal Guard
38%
Versailles: The End of the Great War Versailles, The End of the War to End all Wars, Great War
21%
No matching quizzes found
Score Distribution
Percent of People with Each Score
Percentile by Number Answered
Your Score History
You have not taken this quiz